Gibt es diesen "Drei ???"-Titel wirklich? - Sudden Death - Statistiken

Allgemein
  • Dieses Quiz wurde 145 mal gespielt
  • Das Durchschnittsergebnis liegt bei 6 aus 12
Answers on the Grid
Answers color-coded by a green-red scale on the quiz's grid according to % correct below.
Nacht der Gewitter
Insel des Vergessens
Und der Hexengarten
Schwarze Sonne
Die Villa der Toten
Tödliche Spur
Giftiges Wasser
Und der schrullige Millionär
Und der rote Pirat
Und die silberne Spinne
Und der Super-Papagei
Und der tanzende Teufel
Das schwarze Grab
Flammendes Auge
Spuren ins Ungewisse
Und das brennende Amulett
Und die Rache des Löwen
Und die Geisterhand
Schrecken im Moor
Und der verfluchte Nebel
 
Antwortstatistiken
Antwort % Korrekt
Und der Super-Papagei
67%
Und die silberne Spinne
56%
Tödliche Spur
53%
Und der rote Pirat
53%
Die Villa der Toten
51%
Giftiges Wasser
51%
Und der tanzende Teufel
51%
Insel des Vergessens
50%
Und der schrullige Millionär
47%
Schwarze Sonne
43%
Und der Hexengarten
38%
Nacht der Gewitter
33%
Keine übereinstimmenden Quizze gefunden
Verteilung der Resultate
Anzahl Personen mit jedem Resultat
Perzentil nach korrekt beantworteten Fragen
Ihre Resultats-Entwicklung
Sie haben dieses Quiz noch nicht gespielt